000 01600 a2200193 4500
001 59517
005 20260407155849.0
008 260407a1972 arg spa d
003 AR-UNSa-BCEJYS
040 _aAR-UNSa-BCEJYS
_bspa
_cAR-UNSa-BCEJYS
080 _a330.342
_xNivel de desarrollo. Grados del desarrollo de la economía. Sistemas económicos
245 1 0 _aIndustrialización y crecimiento de los países en desarrollo
264 1 _aBarcelona :
_bAriel
_c1972
300 _a308 p.
_c21 cm.
505 _aPrimera parte: Comercio internacional, industrialización y desarrollo: 1. Crecimiento, desarrollo y otras ideas introductorias – 2. El comercio mundial como vehículo de crecimiento económico – 3. El papel de la industria en el crecimiento económico transmitido a través del comercio internacional – 4. Hacia un estrangulamiento en el comercio exterior de los países en vías de desarrollo – Segunda parte: La industrialización sustitutiva de importaciones: 5. La industrialización como objetivo de política económica – 6. La industrialización forzada y la sustitutiva de importaciones – 7. La industrialización sustitutiva de importaciones y la demanda interior – 8. La sustitución de importaciones y la balanza comercial – 9. La mecánica interna de la industrialización sustitutiva de importaciones y su impacto sobre la estructura productiva – 10. La industrialización sustitutiva de importaciones y las principales distorsiones del sistema productivo
942 _cBK
590 _aniveau_biblio:m niveau_hierar:0
100 1 _aMuns Albuixech, Joaquín
999 _c6723
_d6723